000 00329nam a22001457a 4500
003 SGT
082 _a616.89
_bE13B
100 _aBHATIA, B.D.
245 _aELEMENTS OF PSYCHOLOGY AND MENTAL HYGIENE
250 _a3RD
260 _aINDIA
_bUNIVERSITY PRESS
_c2013
300 _a383
650 _aPSYCHOLOGY
942 _2ddc
_cBK
999 _c14528
_d14528